000 00848nam a22002417i 4500
001 IT\ICCU\SBL\0528041
003 ItRI
005 20260115232251.0
008 910930s1961 it |||||| ||||| |||||c
015 _2IT
_a612172
040 _bita
_cimportazione bologna sebina
041 7 _aita
_2ISO-639-2
082 _a857.91
_9SATIRA E UMORISMO ITALIANO. SEC. 20.
_216
100 1 _aValeri, Franca
_0IT\ICCU\RAVV\070025
_4aut
240 1 3 _aLe donne
_3IT\ICCU\RAV\1960949
_9Valeri, Franca
245 1 3 _aLe donne /
_cdi Franca Valeri.
260 _aMilano :
_bLonganesi,
_cc1961
300 _a188 p. ;
_c19 cm.
790 1 _aNorsa, Alma,
_d (1920-2020)
_3IT\ICCU\CFIV\121191
_zValeri, Franca
790 1 _aNorsa, Franca Maria,
_d (1920-2020)
_3IT\ICCU\CFIV\229156
_zValeri, Franca
830 3 _aLa fronda ;
_v24
_0IT\ICCU\RAV\0023291
942 _2ddc
_cBK
_n0
999 _c19842
_d19842